Sports Quiz

Random Sports or NBA Quiz

NBA: Most Points by Age of Debut Quiz Stats

Quiz Updated Aug 21, 2017

Challenge
Share
Tweet
Embed
Score 0/100 Timer 10:00
0 Plays Today
Hint Answer % Correct
18Kobe Bryant
96.8%
19LeBron James
93%
26Mike James
91.5%
21Michael Jordan
88.1%
20Shaquille O'Neal
84.2%
18Jermaine O'Neal
83.5%
19Kevin Garnett
82%
22Vince Carter
81.8%
21Tim Duncan
78.1%
22Karl Malone
77.8%
21Moses Malone
77.5%
20Magic Johnson
77%
22Kareem Abdul-Jabbar
76.5%
19Kevin Durant
76.5%
20Dirk Nowitzki
76.4%
20Joe Johnson
76.1%
18Amir Johnson
76.1%
25Gus Johnson
76%
19Carmelo Anthony
75.6%
18Tracy McGrady
73.4%
23Wilt Chamberlain
73.1%
19Tony Parker
72.8%
22Reggie Miller
71.6%
21Allen Iverson
71%
22Jerry West
70.2%
21Paul Pierce
69.9%
23Larry Bird
67.9%
22Hakeem Olajuwon
67.7%
21Ray Allen
65.9%
24David Robinson
65.5%
23Clifford Robinson
65.3%
19Dwight Howard
63.6%
21Clyde Drexler
61.3%
20Isiah Thomas
60.1%
Hint Answer % Correct
22Oscar Robertson
59.6%
23Patrick Ewing
59.4%
21Pau Gasol
57.4%
23Dominique Wilkins
56.8%
22Gary Payton
56.2%
19Chris Bosh
55.7%
25Manu Ginobili
55.7%
26Julius Erving
55.3%
21Charles Barkley
54.9%
22John Havlicek
47.3%
24Elgin Baylor
45.5%
24George Gervin
43.9%
24Sam Jones
40.8%
26Caldwell Jones
40.7%
23Alex English
33.8%
20Elton Brand
33.8%
23Walter Davis
33.1%
25Antonio Davis
33.1%
23Elvin Hayes
33%
20Chris Webber
31.8%
24Mychal Thompson
29.6%
19Rashard Lewis
29%
23Robert Parish
29%
19Stephon Marbury
28.7%
21Bernard King
27.8%
23Mitch Richmond
27.6%
18Andrew Bynum
25%
20Adrian Dantley
23.3%
18Darko Milicic
22.4%
20Zach Randolph
22.2%
24Sam Cassell
20.7%
24Bob Love
20.4%
25Dikembe Mutombo
19.9%
19Luol Deng
19.7%
Hint Answer % Correct
26Johnny Green
17.6%
27 or OlderArtis Gilmore
16.2%
25Toni Kukoc
16.1%
27 or OlderArvydas Sabonis
15.7%
26Ron Anderson
15.5%
24Maurice Lucas
13.3%
20Jamal Crawford
11.8%
22Hal Greer
11.5%
27 or OlderDan Issel
10.7%
18Al Harrington
9.5%
27 or OlderLuis Scola
7.8%
26Mark Eaton
7.4%
18C.J. Miles
7.3%
27 or OlderConnie Hawkins
7%
18Andris Biedrins
6.6%
24Bill Sharman
5.1%
26M.L. Carr
4.9%
26Darrell Armstrong
4.7%
24Richie Guerin
4.3%
25George McGinnis
4%
25Cliff Hagan
4%
26Sam Mitchell
3.1%
25George Yardley
2.6%
27 or OlderMario Elie
2.2%
18Bill Willoughby
2.1%
25Archie Clark
1.5%
27 or OlderTom Owens
1.5%
27 or OlderBob Davies
1.1%
27 or OlderSwen Nater
0.8%
27 or OlderBobby Wanzer
0.6%
26Frankie Brian
0.4%
25Don Kojis
0.3%

You're not logged in!

Compare scores with friends on all Sporcle quizzes.
Sign Up with Email
OR
Log In

You Might Also Like...

Show Comments

Extras

Top Quizzes Today


Score Distribution

Your Account Isn't Verified!

In order to create a playlist on Sporcle, you need to verify the email address you used during registration. Go to your Sporcle Settings to finish the process.